[Event "Foligno op"]
[Site "Foligno"]
[Date "2010.06.04"]
[Round "2"]
[White "Santocchi, Nicolas"]
[Black "Maddaloni, Giovanni"]
[Result "1-0"]
[WhiteElo "1512"]
[BlackElo "1772"]
[PlyCount "71"]
[EventDate "2010.06.04"]
[EventType "swiss"]
[EventRounds "6"]
[EventCountry "ITA"]
[SourceTitle "CBM 136 Extra"]
[Source "ChessBase"]
[SourceDate "2010.07.02"]
[SourceVersion "2"]
[SourceVersionDate "2010.07.15"]
[SourceQuality "1"]

1. e4 c5 2. Nf3 d6 3. d4 cxd4 4. Nxd4 Nf6 5. Nc3 g6 6. Be2 Bg7 7. 0-0 Nc6 8. Be3 Bd7 9. Qd2 0-0 10. Rfd1 Ne5 11. Bh6 Rc8 12. Bxg7 Kxg7 13. Nf3 Nc4 14. Bxc4 Rxc4 15. e5 Ne8 16. b3 Rc8 17. Qd4 Kg8 18. Rac1 a6 19. Ne4 Bc6 20. c4 Ng7 21. exd6 Nf5 22. Qd3 Bxe4 23. Qxe4 Nxd6 24. Qe3 Nf5 25. Rxd8 Rfxd8 26. Qb6 Rd6 27. Qxb7 Rcd8 28. h3 Rd1+ 29. Rxd1 Rxd1+ 30. Kh2 Rc1 31. Qxa6 Rc2 32. Qa7 h5 33. b4 Re2 34. a4 f6 35. b5 g5 36. Nd4 1-0